| 000 | 00632nam a22001697a 4500 | ||
|---|---|---|---|
| 999 |
_c61145 _d61145 |
||
| 005 | 20231222171118.0 | ||
| 008 | 231222s1977 ru ||||| |||| 00| 0 rus d | ||
| 041 | _arus | ||
| 080 | _a7.01(495) Б-95 | ||
| 100 |
_aБычков, В. В. _920862 |
||
| 245 |
_aВизантийская эстетика : _bТеоретические проблемы / _c В. В. Бычков. |
||
| 264 |
_aМ. : _bИскусство, _c1977 |
||
| 300 |
_a199 с.; _b20 см. |
||
| 653 | _aბიზანტიური ესთეტიკა | ||
| 653 | _aთეორიული პრობლემები | ||
| 942 |
_2udc _cᲬᲘᲒᲜᲘ |
||